000 02860nam0a2200409 4500
001 RU\NLR\BIBL_A\022754676
005 20260531100108.0
010 _a978-5-00261-544-5
_9100
021 _aRU
_bКН-П-26-004459
_9КН-П-26-0423
035 _a(NLR Aleph) 022754676
090 _a13717616
_c13717616
100 _a20260316d2025 k y0rusy50 ca
101 0 _arus
102 _aRU
105 _aac z 100yy
181 0 _ai3
_baxxe
182 0 _an
200 1 _aИнформационные системы и технологии АПК и ПГС
_e3-я Международная научно-практическая конференция, 10 октября 2025 года
_eсборник научных статей
_fКурский государственный аграрный университет имени И. И. Иванова, Кафедра физико-математических дисциплин и информатики
203 _aТекст
_bвизуальный
_cнепосредственный
210 _aКурск
_cУниверситетская книга
_d2025
215 _a303 с.
_cил., портр.
_d21
300 _aНа корешке и макете подзаг.: сборник научных статей 3-й Международной научно-практической конференции (10 октября 2025 года)
320 _aБиблиогр. в конце ст.
606 1 _aСтроительное дело
_jСъезды, совещания и т.п
_xИнформационные технологии
_92155503
_3RU\NLR\AUTH\661297692
606 1 _aСельское хозяйство
_jСъезды, совещания и т.п
_xМеханизация
_91228736
_3RU\NLR\AUTH\66182784
606 1 _aСельское хозяйство
_jСъезды, совещания и т.п
_xЭлектрификация
_91349463
_3RU\NLR\AUTH\66248686
606 1 _aСельскохозяйственная энергетика
_jСъезды, совещания и т.п
_92217404
_3RU\NLR\AUTH\661331689
686 1 _aН6-5-05я431
686 1 _aП071я431(0)
686 1 _aП076я431(0)
711 1 2 _a"Информационные системы и технологии АПК и ПГС", международная научно-практическая конференция
_d3
_eКурск
_f2025
_92701993
_3RU\NLR\AUTH\880640434
712 0 2 _4570
_aКурский государственный аграрный университет им. И. И. Иванова
_bКафедра физико-математических дисциплин и информатики
_9879024
_3RU\NLR\AUTH\880607173
942 _cBOOK
980 _aNB